[Event "Western Asia-ch U16 Girls"]
[Site "Delhi"]
[Date "2019.09.08"]
[Round "6"]
[White "Sahoo, Ankita"]
[Black "Dhumal, Greeshma Anand"]
[Result "0-1"]
[WhiteElo "1623"]
[BlackElo "2042"]
[PlyCount "82"]
[EventDate "2019.09.06"]
[EventType "swiss"]
[EventRounds "9"]
[EventCountry "IND"]
[SourceTitle "CBM 192 Extra"]
[Source "Chessbase"]
[SourceDate "2019.11.06"]
[SourceVersion "1"]
[SourceVersionDate "2019.11.06"]
[SourceQuality "1"]

1. e4 e5 2. Nf3 Nc6 3. Bb5 a6 4. Ba4 Nf6 5. 0-0 b5 6. Bb3 Bc5 7. c3 d6 8. d4 Bb6 9. Bg5 h6 10. Bh4 g5 11. Bg3 exd4 12. Nxd4 Nxd4 13. cxd4 Bb7 14. f3 Qe7 15. Kh1 0-0-0 16. a4 g4 17. d5 gxf3 18. gxf3 Rhg8 19. axb5 Nh5 20. Qe1 Nxg3+ 21. hxg3 Qe5 22. f4 Qxb2 23. Nd2 axb5 24. Ra2 Qg7 25. Rf3 h5 26. Nf1 h4 27. Rg2 hxg3 28. Rgxg3 Rh8+ 29. Nh2 Qd4 30. Bc2 Rdg8 31. Kg2 f5 32. Rxg8+ Rxg8+ 33. Rg3 Re8 34. Bd3 fxe4 35. Bxb5 Qb2+ 36. Qe2 Qxe2+ 37. Bxe2 Rg8 38. Rxg8+ Kd7 39. Kg3 Ke7 40. Ba6 c5 41. Bb5 Bxd5 0-1

[Event "Commonwealth-ch U16 Girls"]
[Site "New Delhi"]
[Date "2019.07.02"]
[Round "2.1"]
[White "Jain, Nityata"]
[Black "Sahoo, Ankita"]
[Result "1-0"]
[WhiteElo "2135"]
[BlackElo "1586"]
[PlyCount "111"]
[EventDate "2019.07.01"]
[EventType "swiss"]
[EventRounds "7"]
[EventCountry "IND"]
[SourceTitle "EXT 2024"]
[Source "ChessBase"]
[SourceDate "2023.10.10"]
[SourceVersion "1"]
[SourceVersionDate "2023.10.10"]
[SourceQuality "1"]

1. e4 e5 2. Nf3 Nc6 3. d4 exd4 4. Nxd4 Bc5 5. Be3 Qf6 6. c3 Nge7 7. Bc4 Ne5 8. Be2 d6 9. 0-0 a6 10. Nd2 0-0 11. f4 N5c6 12. N2b3 Bb6 13. Qd2 Be6 14. Kh1 Bxb3 15. axb3 Nxd4 16. cxd4 Nc6 17. d5 Nd4 18. Bc4 Rae8 19. Qd3 Nc2 20. Qxc2 Bxe3 21. Rae1 Bd4 22. e5 Qh6 23. e6 Re7 24. Rf3 Qf6 25. Bd3 h6 26. Qe2 fxe6 27. Qe4 Kf7 28. dxe6+ Ke8 29. Qxb7 Rxe6 30. Qc8+ Ke7 31. Qxc7+ Ke8 32. Be4 d5 33. Qc8+ Ke7 34. Qb7+ Ke8 35. Qxd5 Rf7 36. Qa8+ Kd7 37. Qb7+ Kd8 38. Qb8+ Kd7 39. Qb7+ Kd8 40. Qd5+ Rd7 41. Qa8+ Ke7 42. Rff1 Rd8 43. Qb7+ Kf8 44. Rc1 Rb6 45. Qc7 Qe7 46. Qc2 Qf7 47. Rfd1 Rxb3 48. Rxd4 Rxd4 49. Qc8+ Ke7 50. Rc7+ Kd6 51. Qd8+ Ke6 52. Qxd4 Qxc7 53. Bd5+ Ke7 54. Qxg7+ Kd6 55. Qxc7+ Kxc7 56. Bxb3 1-0